<?xml version="1.0" encoding="UTF-8"?>
<record
    xmlns:xsi="http://www.w3.org/2001/XMLSchema-instance"
    xsi:schemaLocation="http://www.loc.gov/MARC21/slim http://www.loc.gov/standards/marcxml/schema/MARC21slim.xsd"
    xmlns="http://www.loc.gov/MARC21/slim">

  <leader>00474nam a22001577a 4500</leader>
  <datafield tag="999" ind1=" " ind2=" ">
    <subfield code="c">127949</subfield>
    <subfield code="d">127949</subfield>
  </datafield>
  <controlfield tag="005">20220823110821.0</controlfield>
  <controlfield tag="008">220823b           ||||| |||| 00| 0 eng d</controlfield>
  <datafield tag="020" ind1=" " ind2=" ">
    <subfield code="a">9698757007</subfield>
  </datafield>
  <datafield tag="040" ind1=" " ind2=" ">
    <subfield code="c">PK-LaUMT</subfield>
  </datafield>
  <datafield tag="082" ind1=" " ind2=" ">
    <subfield code="a">APC 297 </subfield>
    <subfield code="b">FAI-F</subfield>
  </datafield>
  <datafield tag="100" ind1=" " ind2=" ">
    <subfield code="a">Faiz Muhammad Shaikh = &#x641;&#x6CC;&#x636; &#x645;&#x62D;&#x645;&#x62F; &#x634;&#x6CC;&#x62E;</subfield>
  </datafield>
  <datafield tag="245" ind1=" " ind2=" ">
    <subfield code="a">Fahm i din =  &#x641;&#x6C1;&#x645; &#x62F;&#x6CC;&#x646;  /</subfield>
    <subfield code="c">by Faiz Muhammad Shaikh = &#x641;&#x6CC;&#x636; &#x645;&#x62D;&#x645;&#x62F; &#x634;&#x6CC;&#x62E;</subfield>
  </datafield>
  <datafield tag="260" ind1=" " ind2=" ">
    <subfield code="a">Islamabad :</subfield>
    <subfield code="b">Al-Faiz Trust,</subfield>
    <subfield code="c">2003</subfield>
  </datafield>
  <datafield tag="300" ind1=" " ind2=" ">
    <subfield code="a">246 p.</subfield>
  </datafield>
  <datafield tag="942" ind1=" " ind2=" ">
    <subfield code="c">BK</subfield>
  </datafield>
  <datafield tag="952" ind1=" " ind2=" ">
    <subfield code="0">0</subfield>
    <subfield code="1">0</subfield>
    <subfield code="4">0</subfield>
    <subfield code="7">0</subfield>
    <subfield code="a">01</subfield>
    <subfield code="b">01</subfield>
    <subfield code="d">2022-08-23</subfield>
    <subfield code="l">0</subfield>
    <subfield code="o">APC 297  FAI-F</subfield>
    <subfield code="p">142928</subfield>
    <subfield code="r">2022-08-23 00:00:00</subfield>
    <subfield code="w">2022-08-23</subfield>
    <subfield code="y">BK</subfield>
  </datafield>
</record>
